<?xml version="1.0" encoding="UTF-8"?>
<collection xmlns="http://www.loc.gov/MARC21/slim">
 <record>
  <leader>     na                 </leader>
  <controlfield tag="001">INLIS000000000012369</controlfield>
  <controlfield tag="005">20220107080103</controlfield>
  <datafield tag="035" ind1=" " ind2=" ">
   <subfield code="a">0010-0721007628</subfield>
  </datafield>
  <controlfield tag="008">220107                g          0 ind  </controlfield>
  <datafield tag="245" ind1="1" ind2=" ">
   <subfield code="a">Partai Syarikat Islam Indonesia :</subfield>
   <subfield code="b">Kontestasi Politik Hingga Konflik Kekuasaan Elite /</subfield>
   <subfield code="c">Hanta Yuda A.R</subfield>
  </datafield>
  <datafield tag="100" ind1="1" ind2=" ">
   <subfield code="a">Subekti, Valina Singka</subfield>
  </datafield>
  <datafield tag="260" ind1=" " ind2=" ">
   <subfield code="a">Jakarta :</subfield>
   <subfield code="b">Yayasan Pustaka Obor Indonesia,</subfield>
   <subfield code="c">2014</subfield>
  </datafield>
  <datafield tag="300" ind1=" " ind2=" ">
   <subfield code="a">235 hlm. ;</subfield>
   <subfield code="c">21 cm.</subfield>
  </datafield>
  <datafield tag="020" ind1=" " ind2=" ">
   <subfield code="a">978-979-461-859-2</subfield>
  </datafield>
  <datafield tag="084" ind1=" " ind2=" ">
   <subfield code="a">324.02 SUB p</subfield>
  </datafield>
  <datafield tag="520" ind1=" " ind2=" ">
   <subfield code="a">Partai Syarikat Islam Indonesia PSII yang berawal dari Syarikat Islam (SI) adalah organisasi pelopor gerakan kebangsaan pertama di Indonesia yang bergerak memperjuangkan kemerdekaan yang sifatnya lintas etnis, lintas kelas, dan berskala nasional. Sampai saat ini belum ada satu pun buku yang menggambarkan perjalanan politik PSII setelah kemerdekaan khususnya pada masa awal Orde Baru, yaitu ketika partai-partai harus berhadapan secara politik dan ideologis dengan pemerintah Orde Baru yang menghendaki restrukturisasi kepartaian melalui fusi tahun 1973. Seperti kita ketahui, periode Orde Baru dengan politik rejimentasinya yang intensif dan sistematis menjadi salah satu masa paling krusial dalam sejarah politik kepartaian, yang nantinya amat menentukan peran dan posisi partai dalam dinamika politik Indonesia. PSII dalam hal ini juga tidak luput dari terpaan torpedo rejimentasi politik Orde Baru.Terkait persoalan struktural, partai-partai politik (Islam) di Indonesia sampai saat ini agaknya masih belum maksimal melaksanakan fungsi-fungsi kepartaian sebagai kontribusi untuk penguatan demokrasi substantif. Konflik internal partai yang berujung pada perpecahan partai, sistem rekrutmen dan kaderisasi yang belum terukur, kurangnya pemahaman dan kemampuan elite partai menyerap dan menyalurkan aspirasi anggota dan pendukungnya, menguatnya oligarki politik dalam kepemimpinan partai, tata kelola administrasi dan keuangan partai yang kurang transparan, adalah beberapa hal yang memperlihatkan partai belum terkonsolidasi dengan baik.Konflik kepemimpinan PSII yang terjadi 40 tahun lalu yang menjadi fokus buku ini rupanya masih tetap menjadi fenomena kepartaian kita sampai hari ini. Konteks politik internal PSII agaknya masih relevan dengan persoalan struktural dan kultural yang dihadapi partai-partai politik kita saat ini. &quot;Karya Valina Singka Subekti ini menggambarkan prisma Islam politik seperti tercermin dalam pengalaman PSII. Pembaca tidak hanya dapat menikmati political account yang tidak selalu menggembirakan tentang PSII, tetapi lebih lagi dapat berefleksi tentang realitas partai Islam. Karena itu, karya ini merupakan bacaan wajib tidak hanya bagi dosen dan mahasiswa yang ingin memahami dinamika dan prisma Islam politik dan partai Islam, tapi juga bagi pembaca umum yang berminat mengetahui realitas Islam politik. Tidak ragu lagi, karya ini merupakan kontribusi penting ke arah pengetahuan lebih mendalam tentang PSII dan Islam politik Indonesia.</subfield>
  </datafield>
  <datafield tag="082" ind1=" " ind2=" ">
   <subfield code="a">324.02</subfield>
  </datafield>
  <datafield tag="650" ind1=" " ind2="4">
   <subfield code="a">Partai Politik</subfield>
  </datafield>
  <datafield tag="990" ind1=" " ind2=" ">
   <subfield code="a">058514</subfield>
  </datafield>
  <datafield tag="990" ind1=" " ind2=" ">
   <subfield code="a">058512</subfield>
  </datafield>
  <datafield tag="990" ind1=" " ind2=" ">
   <subfield code="a">058513</subfield>
  </datafield>
  <datafield tag="990" ind1=" " ind2=" ">
   <subfield code="a">058515</subfield>
  </datafield>
 </record>
</collection>
